الإيمان بالرسل والكتب / (رقم التسجيلة. 112821)

تفاصيل مارك
000 -الفاتح
عناصر البيانات ثابتة الطول 00922cam a2200241 i 4500
005 - تاريخ ووقت آخر معاملة
حقل ضبط 20251207081051.0
008 - عناصر البيانات ثابتة الطول
عناصر البيانات ثابتة الطول 250721s2008 jo gr 000 0 ara d
020 ## - الترقيم الدولي المعياري للكتب (ردمك)
الترقيم الدولي المعياري للكتب (ردمك) 9957477811
082 14 - رقم تصنيف ديوي العشري
رقم التصنيف 214.61
رقم المادة ا ش ق
100 1# - مدخل رئيسي – اسم شخصي
الاسم الشخصي الأشقر، عمر سليمان
علاقة الشخص بالعمل/ دوره مؤلف.
245 12 - بيان العنوان
العنوان الإيمان بالرسل والكتب /
بيان المسؤولية الدكتور عمر سليمان الاشقر.
250 ## - بيان الطبعة
بيان الطبعة الطبعة الأولى.
264 31 - بيانات النشر، التوزيع…إلخ
مكان النشر، التوزيع...إلخ عمان :
اسم الناشر، الموزع...إلخ دار النفائس للنشر والتوزيع،
تاريخ النشر، التوزيع...إلخ 2008.
300 ## - الوصف المادي
عدد الوحدات المكونة للوعاء 311 صفحة.
490 0# - بيان السلسلة
عنوان السلسلة واحة الإيمان عند عبد القيم ؛
رقم الوعاء في السلسلة رقم 3.
650 17 - مدخل إضافي بالموضوع - مصطلح موضوعي
مصطلح موضوعي أو اسم جغرافي كعنصر مدخل الكتب المقدسة.
650 17 - مدخل إضافي بالموضوع - مصطلح موضوعي
مصطلح موضوعي أو اسم جغرافي كعنصر مدخل الايمان بالكتب السماوية.
650 17 - مدخل إضافي بالموضوع - مصطلح موضوعي
مصطلح موضوعي أو اسم جغرافي كعنصر مدخل الانبياا
650 17 - مدخل إضافي بالموضوع - مصطلح موضوعي
مصطلح موضوعي أو اسم جغرافي كعنصر مدخل الديانات.
830 #0 - مدخل إضافي بالسلسلة-عنوان مقنن
عنوان السلسسلة واحة الإيمان عند عبد القيم.
942 ## - بيانات إضافية (كوها)
نوع التنصيف Dewey Decimal Classification
نوع المادة (كوها) كتب
المقتنيات
حالة السحب حالة الفقدان مصدر التصنيف حالة التلف غير قابل للإعارة المكتبة الرئيسية المكتبة الحالية موقع الرف تاريخ التزويد الرقم المتسلسل Total Checkouts رقم الإستدعاء الباركود تاريخ آخر ظهور تاريخ الفاتورة نوع المادة (كوها)
    Dewey Decimal Classification     المكتبة المركزية المكتبة المركزية الإعارة 28/07/2025 1200810   214.61 / ا ش ق PLD00023884 28/07/2025 28/07/2025 كتب
    Dewey Decimal Classification     المكتبة المركزية المكتبة المركزية الإعارة 01/07/2008 1200811   214.61 / ا ش ق PLD00024686 28/07/2025 01/07/2008 كتب
    Dewey Decimal Classification     المكتبة المركزية المكتبة المركزية مقتنيات قسم التزويد 28/07/2025 1200813   214.61/أشق   28/07/2025 28/07/2025 كتب
    Dewey Decimal Classification     المكتبة المركزية المكتبة المركزية مقتنيات قسم التزويد 28/07/2025 1200814   214.61/أشق   28/07/2025 28/07/2025 كتب
    Dewey Decimal Classification     المكتبة المركزية المكتبة المركزية مقتنيات قسم التزويد 28/07/2025 1200815   214.61/أشق   28/07/2025 28/07/2025 كتب
    Dewey Decimal Classification     مكتبة أبو علندا العامة مكتبة أبو علندا العامة الإعارة 01/07/2008 1200824   214.61/أشق PLD00024696 28/07/2025 01/07/2008 كتب
    Dewey Decimal Classification     مكتبة أم قصير والمقابلين العامة مكتبة أم قصير والمقابلين العامة الإعارة 01/07/2008 1200823   214.61/أشق PLD00024695 28/07/2025 01/07/2008 كتب
    Dewey Decimal Classification     مكتبة الأميرة ايمان العامة مكتبة الأميرة ايمان العامة الإعارة 01/07/2008 1200816   214.61/أشق PLD00024688 28/07/2025 01/07/2008 كتب
    Dewey Decimal Classification     مكتبة الاميرة بديعة مكتبة الاميرة بديعة الإعارة 01/07/2008 1200819   214.61/أشق PLD00024691 28/07/2025 01/07/2008 كتب
    Dewey Decimal Classification     مكتبة الجويدة مكتبة الجويدة الإعارة 01/07/2008 1200820   214.61/أشق PLD00024692 28/07/2025 01/07/2008 كتب
    Dewey Decimal Classification     مكتبة النصر العامة مكتبة النصر العامة الإعارة 01/07/2008 1200826   214.61/أشق PLD00024698 28/07/2025 01/07/2008 كتب
    Dewey Decimal Classification     مكتبة صويلح العامة مكتبة صويلح العامة الإعارة 01/07/2008 1200817   214.61/أشق PLD00024689 28/07/2025 01/07/2008 كتب
    Dewey Decimal Classification     مكتبة وادي السير العامة مكتبة وادي السير العامة الإعارة 01/07/2008 1200825   214.61/أشق PLD00024697 28/07/2025 01/07/2008 كتب
Implemented & Customized by: BBB with SCIT (Smart Chains for Information Technology)

Powered by Koha